000 00176nam a22000977a 4500
003 SGT
245 _aTHE LANCET
260 _bUSA ELSVIER
_c2014
300 _a928
942 _2ddc
_cBV
999 _c19332
_d19332